2013 NBA Playoffs - Statistics

General Stats
  • This quiz has been taken 928 times
  • The average score is 13 of 16
Answers on the Map
Answers color-coded by a green-red scale on the quiz's map according to % correct below.
 
Answer Stats
Team % Correct
Miami Heat
99%
San Antonio Spurs
97%
Boston Celtics
90%
Los Angeles Lakers
90%
Oklahoma City Thunder
88%
Golden State Warriors
85%
Indiana Pacers
84%
Los Angeles Clippers
81%
Chicago Bulls
80%
New York Knicks
78%
Atlanta Hawks
76%
Houston Rockets
76%
Brooklyn Nets
75%
Memphis Grizzlies
74%
Milwaukee Bucks
72%
Denver Nuggets
67%
No matching quizzes found
Score Distribution
Percent of People with Each Score
Percentile by Number Answered
Your Score History
You have not taken this quiz